000 00474cam a2200157Ia 4500
020 _a0803986556 :
040 _cUKM
082 1 4 _a331 BKK 1992 C156 Or.
100 1 _aHerriot, Peter
245 1 0 _aCareer management challenge :
_bbalancing individual and organizational needs /
260 _aLondon ;
_aNewbury Park :
_bSage Publications.,
_c1992
300 _avii, 180 p. :
_bill. ;
_c23 cm
650 0 _aCareer development
650 0 _aEmployee motivation
942 _cAEDBB
999 _c18957
_d18957